000 00713nam a2200253Ia 4500
003 OSt
005 20220928112950.0
006 a|||||r|||| 00| 0
007 ta
008 220927b |||||||| |||| 00| 0 eng d
020 _cUKP 44.99
024 _a144104
037 _b04, 11/02/2021, Shivam Book Service
_cTextual
040 _aSDCL
_cSDCL
_beng
041 _2eng
_aeng
082 _aV1'P, R1
100 _aSzostak Rick
_9430974
245 0 _aMaking sense of world history
260 _aNew York
_b Routledge
_c2020
300 _av-1423p.
_ccm.
650 _aHistory
942 _hV1'P, R1
_cTEXL
_2CC
999 _c747396
_d747396